Разработка методов и средств повышения эффективности передач с промежуточными телами качения: автореферат диссертации на соискание ученой степени кандидата технических наук; спец. 01.02.06; спец. 05.02.18

Podrobná bibliografie
Hlavní autor: Ефременков Е. А. Егор Алексеевич
Korporativní autor: Томский политехнический университет
Další autoři: Мартынов А. К. Анатолий Кузьмич (научный руководитель)
Shrnutí:Защита сост. 24.12.2002 г.
Jazyk:ruština
Vydáno: Томск, [Б. и.], 2002
Témata:
Médium: Kniha
KOHA link:https://koha.lib.tpu.ru/cgi-bin/koha/opac-detail.pl?biblionumber=60984

MARC

LEADER 00000nam0a2200000 4500
001 60984
005 20240204184455.0
035 |a (RuTPU)RU\TPU\book\64492 
090 |a 60984 
100 |a 20040226d2002 k y0rusy50 ca 
101 0 |a rus 
102 |a RU 
105 |a a dm 001zy 
200 1 |a Разработка методов и средств повышения эффективности передач с промежуточными телами качения  |e автореферат диссертации на соискание ученой степени кандидата технических наук  |e спец. 01.02.06  |e спец. 05.02.18  |f Е. А. Ефременков  |g Томский политехнический университет ; науч. рук. А. К. Мартынов 
210 |a Томск  |c [Б. и.]  |d 2002 
215 |a 19 с.  |c ил. 
300 |a Защита сост. 24.12.2002 г. 
320 |a Библиогр.: с. 19 (13 назв.) 
610 1 |a детали машин 
610 1 |a механические передачи 
610 1 |a передачи с промежуточными телами качения 
610 1 |a кинематические схемы 
610 1 |a зацепления 
610 1 |a расчет 
610 1 |a математические модели 
610 1 |a редукторы 
610 1 |a конструкции 
610 1 |a авторефераты диссертаций 
610 1 |a труды учёных ТПУ 
675 |a 621.83(04)  |v 3 
686 |a 01.02.06  |2 oksvnk 
686 |a 05.02.18  |2 oksvnk 
700 1 |a Ефременков  |b Е. А.  |c специалист в области машиностроения  |c доцент Томского политехнического университета, кандидат технических наук  |f 1975-  |g Егор Алексеевич  |3 (RuTPU)RU\TPU\pers\25819  |9 11692 
702 1 |a Мартынов  |b А. К.  |c российский ученый  |c профессор кафедры компьютеризации машиносторения Томского политехнического университета  |f 1932-  |g Анатолий Кузьмич  |3 (RuTPU)RU\TPU\pers\19837  |4 727 
712 0 2 |a Томский политехнический университет  |3 (RuTPU)RU\TPU\col\376 
801 1 |a RU  |b 63413507  |c 20040226  |g PSBO 
801 2 |a RU  |b 63413507  |c 20111216  |g PSBO 
942 |c BK